<The> efficiency of education expedinture in Portugal

Guardado en:
Detalles Bibliográficos
Autor principal: Clements, Benedict
Formato: Libro
Lenguaje:inglés
Publicado: Washington International Monetary Fund 1999
Colección:IMF Working Paper WP/99/179
Materias:
Etiquetas: Agregar Etiqueta
Sin Etiquetas, Sea el primero en etiquetar este registro!

MARC

LEADER 00000nam a2200000 4500
001 c123964
005 20221221082155.2
041 0 |a eng 
044 |a US 
245 1 0 |a <The> efficiency of education expedinture in Portugal  |c Benedict Clements 
264 1 |a Washington  |b International Monetary Fund  |c 1999 
300 |a 63 s. 
490 1 |a IMF Working Paper  |v WP/99/179 
830 0 |a IMF Working Paper  |v WP/99/179 
610 2 0 |a výdavky 
610 2 0 |a vzdelanie 
610 2 0 |a vzdelávanie 
610 2 0 |a školstvo 
610 2 0 |a školy 
610 2 0 |a Portugalsko 
100 1 |a Clements, Benedict